| 000 | 00774nam a2200253#a 4500 | ||
|---|---|---|---|
| 001 | 01745 | ||
| 003 | HDC | ||
| 007 | ta | ||
| 008 | 230623s2000 xx 000 0 eng d | ||
| 040 | _aHDC | ||
| 050 |
_aHF1414 _b.P47 2009 |
||
| 110 | _a Perbadanan Produktiviti Malaysia. | ||
| 245 | 0 |
_aMalaysia in IMD world competitiveness year 2009 / _cPerbadanan Produktiviti Malaysia. |
|
| 264 |
_aPetaling Jaya, Selangor : _bPerbadanan Produktiviti Malaysia, _c[2000]-. |
||
| 300 |
_a11p. : _b ill. ; _c 20cm. |
||
| 650 |
_aCompetition, International _xStatistics. |
||
| 650 |
_aEconomic development _xStatistics. |
||
| 650 |
_aEducation _xStatistics. |
||
| 650 |
_aMalaysia _xEconomic conditions. |
||
| 942 | _2lcc | ||
| 942 | _cBK | ||
| 942 | _kHF1414 | ||
| 942 | _m.P47 2009 | ||
| 999 |
_c23308 _d23308 |
||